000 01003nam a2200289 i 4500
001 000020901
003 DO-SdBNP
005 20250313154710.0
007 ta
008 100823s2006 gt a 001 0 spa d
020 _a9992242507
040 _aDO-SdBNP
_bspa
_cBNPHU
_erda
049 _aBNPD
082 _axxxx
_bR426d
_222
100 1 _aValdez, Pedro Antonio,
_d1968-
_eautor
_4aut.
_922509
245 1 0 _aRepública Dominicana :
_bnarradores del siglo XX /
_cPedro Antonio Valdez ; ilustraciones, Mauro Osorio.
264 4 _aGuatemala :
_bLetra Negra Editores
_bEdiciones Ferilibro,
_c©2006.
300 _a239 páginas :
_bilustraciones ;
_c22 cm.
336 _atexto
_btxt
_2rdacontent
337 _asin mediación
_bn
_2rdamedia
338 _avolumen
_bnc
_2rdacarrier
490 1 _aColección Iberoamericanos
_v7
500 _aIncluye datos biográficos del autor en la contracubierta
590 _aInventariado, 2025/BT
700 1 _aOsorio, Mauto,
_eilustrador
_4il.
_943804
942 _2ddc
_cLBS1
999 _c20404
_d20404